LEADER 01759nas1 2200337 n 450 001 990000000030503321 005 20100701111657.0 011 $a0394-6169 035 $a000000003 035 $aFED02000000003 035 $a(Aleph)000000003FED02 091 $2CNR$aP 00009832 100 $a20091027a19879999km-y0itaa50------ba 101 0 $aeng 102 $aIT 200 1 $aAdvances in horticultural science 207 1$a1987- 210 $aFirenze$c[s.n.] 391 $a1997- 530 0 $aAdvances in horticultural science 675 $a634 675 $a635 712 02$aUniversità degli studi di Firenze.$bIstituto di coltivazioni arboree 801 0$aIT$bACNP$c20090723 859 4 $uhttp://acnp.cib.unibo.it/cgi-ser/start/it/cnr/dc-p1.tcl?catno=4495&person=false&language=ITALIANO&libr=&libr_th=unina$zBiblioteche che possiedono il periodico 912 $a990000000030503321 997 $aUNINA AP1 8 $6866-01$aNA084 Biblioteca. Dipartimento di Scienze del Suolo, della Pianta, dell'Ambiente e delle Produzioni Animali-Sez. Genetica vegetale e ortofloricoltura Napoli$ev. Università,100, 80055 Portici (NA)$m08125.39322$nit AP1 8 $6866-02$aNA086 Biblioteca Dipartimento di Arboricoltura, Botanica e Patologia Vegetale-Sez. Patologia vegetale-Università Federico II di Napoli$ev. Università,100, 80055 Portici (NA)$m08125.39322$nit AP1 8 $6866-03$aNA087 Biblioteca Centralizzata. Facoltà di Agraria dell'Università Federico II di Napoli$ev. Università, 100 Palazzo Reale, 80055 Portici (NA)$m081-2539322$m081-7760229$nit AP2 40$aacnp.cib.unibo.it$nACNP Italian Union Catalogue of Serials$uhttp://acnp.cib.unibo.it/cgi-ser/start/it/cnr/df-p.tcl?catno=4495&language=ITALIANO&libr=&person=&B=1&libr_th=unina&proposto=NO LEADER 01163nam0-22003491i-450- 001 990003915000403321 005 20080124112735.0 010 $a0-521-33558-2 035 $a000391500 035 $aFED01000391500 035 $a(Aleph)000391500FED01 035 $a000391500 100 $a20030910d1985----km-y0itay50------ba 101 0 $aeng 102 $aGB 105 $a--------001cy 200 1 $aAnnals of the labouring poor$esocial change and agrarian England, 1660-1900$fK. D. M. Snell 205 $a1. ed. 210 $aCambridge$cCambridge University Press$d1985 (rist. 1992) 215 $aix, 465 p.$ctab., fig.$d23 cm 225 1 $aCambridge studies in population, economy and society in past time$v2 320 $aContiene bibl. (pp. 418-454) e indice analitico 610 0 $aCONTADINI POVERI$aInghilterra$a1661-1900$aPOVERTÀ RURALE - Inghilterra - 1660-1900 676 $a305.563$v21$zita 700 1$aSnell,$bK. D. M.$0147511 801 0$aIT$bUNINA$gRICA$2UNIMARC 901 $aBK 912 $a990003915000403321 952 $a305.563 SNE 1$b3671$fBFS 959 $aBFS 996 $aAnnals of the labouring poor$9515735 997 $aUNINA